<?xml version="1.0" encoding="UTF-8"?><marc:collection xmlns:marc="http://www.loc.gov/MARC21/slim">
  <marc:record>
    <marc:leader>00000nam##2200000za#4500</marc:leader>
    <marc:controlfield tag="001">9.526440</marc:controlfield>
    <marc:controlfield tag="003">CaOODSP</marc:controlfield>
    <marc:controlfield tag="005">20200331224505</marc:controlfield>
    <marc:controlfield tag="007">ta</marc:controlfield>
    <marc:controlfield tag="008">150406|1996||||xxc|||||     f|0| 0 eng|d</marc:controlfield>
    <marc:datafield tag="020" ind1=" " ind2=" ">
      <marc:subfield code="a">0-662-62084-4</marc:subfield>
    </marc:datafield>
    <marc:datafield tag="040" ind1=" " ind2=" ">
      <marc:subfield code="a">CaOODSP</marc:subfield>
      <marc:subfield code="b">eng</marc:subfield>
    </marc:datafield>
    <marc:datafield tag="041" ind1=" " ind2=" ">
      <marc:subfield code="a">eng</marc:subfield>
    </marc:datafield>
    <marc:datafield tag="041" ind1=" " ind2=" ">
      <marc:subfield code="a">fre</marc:subfield>
    </marc:datafield>
    <marc:datafield tag="043" ind1=" " ind2=" ">
      <marc:subfield code="a">n-cn---</marc:subfield>
    </marc:datafield>
    <marc:datafield tag="086" ind1="1" ind2=" ">
      <marc:subfield code="a">SC94-57/8-1996</marc:subfield>
    </marc:datafield>
    <marc:datafield tag="110" ind1="1" ind2=" ">
      <marc:subfield code="a">Canada.</marc:subfield>
      <marc:subfield code="b">Canadian Centre for Management Development.</marc:subfield>
    </marc:datafield>
    <marc:datafield tag="245" ind1="1" ind2="0">
      <marc:subfield code="a">Strengthening policy capacity : </marc:subfield>
      <marc:subfield code="b">conference proceedings </marc:subfield>
    </marc:datafield>
    <marc:datafield tag="260" ind1=" " ind2=" ">
      <marc:subfield code="a">Ottawa - Ontario : </marc:subfield>
      <marc:subfield code="b">Canadian Centre for Management Development </marc:subfield>
      <marc:subfield code="c">1996.</marc:subfield>
    </marc:datafield>
    <marc:datafield tag="300" ind1=" " ind2=" ">
      <marc:subfield code="a">English text, ii, 36p. ; </marc:subfield>
      <marc:subfield code="c">23 cm.</marc:subfield>
    </marc:datafield>
    <marc:datafield tag="490" ind1="1" ind2=" ">
      <marc:subfield code="a">Explorations</marc:subfield>
      <marc:subfield code="v">No. 8</marc:subfield>
    </marc:datafield>
    <marc:datafield tag="500" ind1=" " ind2=" ">
      <marc:subfield code="a">"This report from the panel discussion and keynote address of the Rethinking Policy program that was held in June 1995 in the National Capital Region and videoconferenced to four other locations in Canada (Vancouver, Montreal, Moncton, and Halifax). The keynote speakers were the Honourable Warren Allmand, PC, MP and Madame Jocelyne Bourgon, the Clerk of the Privy Council and Secretary to the Cabinet of the Government of Canada. Our panellists were Ivan Fellegi, Chief Statistician of Canada, Gordon Ritchie, Chief Executive Officer of Strategico, Claire Morris, Secretary to Cabinet and Clerk of the Executive Council of New Brunswick, and Janet Smith, at that time Deputy Minister of Western Economic Diversification."--Letter of transmittal.</marc:subfield>
    </marc:datafield>
    <marc:datafield tag="520" ind1="3" ind2=" ">
      <marc:subfield code="a">This report from the panel discussion and keynote address of the Rethinking Policy program that was held in June 1995 in the National Capital Region and videoconferenced to four other locations in Canada (Vancouver, Montreal, Moncton, and Halifax). The keynote speakers were the Honourable Warren Allmand, PC, MP and Madame Jocelyne Bourgon, the Clerk of the Privy Council and Secretary to the Cabinet of the Government of Canada. Our panellists were Ivan Fellegi, Chief Statistician of Canada, Gordon Ritchie, Chief Executive Officer of Strategico, Claire Morris, Secretary to Cabinet and Clerk of the Executive Council of New Brunswick, and Janet Smith, at that time Deputy Minister of Western Economic Diversification.--Letter of transmittal</marc:subfield>
    </marc:datafield>
    <marc:datafield tag="546" ind1=" " ind2=" ">
      <marc:subfield code="a">Bilingual</marc:subfield>
    </marc:datafield>
    <marc:datafield tag="563" ind1=" " ind2=" ">
      <marc:subfield code="a">Softcover</marc:subfield>
    </marc:datafield>
    <marc:datafield tag="590" ind1=" " ind2=" ">
      <marc:subfield code="a">96-12</marc:subfield>
      <marc:subfield code="b">1996-03-22</marc:subfield>
    </marc:datafield>
    <marc:datafield tag="690" ind1="0" ind2="7">
      <marc:subfield code="a">Government policy</marc:subfield>
      <marc:subfield code="2">gcpds</marc:subfield>
    </marc:datafield>
    <marc:datafield tag="776" ind1="0" ind2="#">
      <marc:subfield code="t">Rethinking policy - strengthening policy capacity : </marc:subfield>
      <marc:subfield code="w">(CaOODSP)9.573342</marc:subfield>
    </marc:datafield>
    <marc:datafield tag="776" ind1="0" ind2="#">
      <marc:subfield code="t">Repenser les politiques - renforcer la capacité d'élaborer les politiques : </marc:subfield>
      <marc:subfield code="w">(CaOODSP)9.603524</marc:subfield>
    </marc:datafield>
    <marc:datafield tag="792" ind1=" " ind2=" ">
      <marc:subfield code="t">Renforcer la capacité d'élaborer les politiques : </marc:subfield>
      <marc:subfield code="e">fre</marc:subfield>
      <marc:subfield code="w">(CaOODSP)9.526441</marc:subfield>
    </marc:datafield>
    <marc:datafield tag="830" ind1="#" ind2="0">
      <marc:subfield code="a">Explorations ;</marc:subfield>
      <marc:subfield code="v">No. 8</marc:subfield>
      <marc:subfield code="w">(CaOODSP)9.509632</marc:subfield>
    </marc:datafield>
    <marc:datafield tag="986" ind1=" " ind2=" ">
      <marc:subfield code="a">P60E</marc:subfield>
    </marc:datafield>
  </marc:record>
</marc:collection>
